Dunia bukan syurga
| Main Author: | |
|---|---|
| Format: | Book |
| Published: |
Kuala Lumpur :
Creative Enterprise ,
1993
|
MARC
| LEADER | 00000cam a2200000 7i4500 | ||
|---|---|---|---|
| 001 | 0000008267 | ||
| 002 | 000009013 | ||
| 005 | 20000330.0 | ||
| 020 | |a 9838931187 | ||
| 090 | 0 | 0 | |a F |b AZI |
| 100 | 0 | |a Azizi Haji Abdullah | |
| 245 | 1 | 0 | |a Dunia bukan syurga |c Azizi Hj Abdullah |
| 260 | |a Kuala Lumpur : |b Creative Enterprise , |c 1993 | ||
| 300 | |a 250 p. ; |c 18 cm. | ||
| 999 | |a 039550 |b BUKU |c PINJAMAN |e PERPUSTAKAAN KOMUNITI PETALING JAYA | ||